| 000 | 00609nam a2200193 4500 | ||
|---|---|---|---|
| 001 | 113548 | ||
| 003 | DR-UNIBE | ||
| 005 | 20250507143753.0 | ||
| 008 | 250502b2000 es ||||| |||| 00| 0 spa d | ||
| 040 |
_aBIBLIOTECA UNIBE _bspa _cBIBLIOTECA UNIBE _erda |
||
| 041 | _aspa | ||
| 082 | _aF 5679 | ||
| 245 | 0 | 0 | _aLey de inquilinato ( con sus reformas y exposición de motivos) ; Ley sobre desocupación de las fincas arredadas |
| 250 | _aQuinta edición | ||
| 260 |
_aSan Salvador : _bEditorial Jurídica Salvadoreña, _c2000 |
||
| 300 | _a47 páginas | ||
| 650 | 7 |
_2lemb _aArrendamiento |
|
| 942 |
_2ddc _cMX |
||
| 999 |
_c113548 _d113548 |
||